[Event "Kiel op-B 29th"]
[Site "Kiel"]
[Date "2016.08.04"]
[Round "8"]
[White "Hogreve, Holger"]
[Black "Prasobhu, Pramod Kumar"]
[Result "1-0"]
[WhiteElo "1501"]
[BlackElo "1703"]
[PlyCount "91"]
[EventDate "2016.07.30"]
[EventType "swiss"]
[EventRounds "9"]
[EventCountry "GER"]
[SourceTitle "EXT 2017"]
[Source "ChessBase"]
[SourceDate "2016.10.25"]
[SourceVersion "1"]
[SourceVersionDate "2016.10.25"]
[SourceQuality "1"]

1. Nf3 Nf6 2. d4 d5 3. Bf4 e6 4. Nbd2 Bd6 5. Bxd6 cxd6 6. e3 Nc6 7. c3 0-0 8. Bd3 e5 9. dxe5 dxe5 10. Bb1 Be6 11. 0-0 e4 12. Nd4 Bg4 13. f3 exf3 14. N4xf3 Qb6 15. Qc2 Qxe3+ 16. Kh1 Rfe8 17. a3 Ne4 18. Nxe4 Qxe4 19. Qxe4 dxe4 20. Ng5 f5 21. Ba2+ Kf8 22. Nxh7+ Ke7 23. h3 Rh8 24. Ng5 Rh5 25. Ne6 Be2 26. Nf4 Bxf1 27. Nxh5 Bxg2+ 28. Kxg2 g5 29. Ng3 Rf8 30. Rf1 f4 31. Nxe4 Rd8 32. Nxg5 Rd2+ 33. Rf2 Rxf2+ 34. Kxf2 Ne5 35. Nf3 Kf6 36. Nxe5 Kxe5 37. Kf3 Kf5 38. Bd5 b6 39. b4 Kg5 40. Ke4 Kh4 41. Kxf4 Kxh3 42. b5 Kh4 43. Ke5 Kg5 44. Kd6 Kf6 45. Kc6 Ke5 46. Bg8 1-0

[Event "Kiel op-B 29th"]
[Site "Kiel"]
[Date "2016.07.30"]
[Round "1"]
[White "Hartendauer, Frank"]
[Black "Prasobhu, Pramod Kumar"]
[Result "1-0"]
[WhiteElo "1710"]
[BlackElo "1703"]
[PlyCount "113"]
[EventDate "2016.07.30"]
[EventType "swiss"]
[EventRounds "9"]
[EventCountry "GER"]
[SourceTitle "EXT 2017"]
[Source "ChessBase"]
[SourceDate "2016.10.25"]
[SourceVersion "1"]
[SourceVersionDate "2016.10.25"]
[SourceQuality "1"]

1. d4 Nf6 2. c4 g6 3. Nc3 d6 4. e4 Bg7 5. Nf3 0-0 6. Be3 Nbd7 7. Be2 e5 8. dxe5 Nxe5 9. Nxe5 dxe5 10. 0-0 Bd7 11. f3 c6 12. Qd2 Qe7 13. Rad1 Be6 14. Qc1 Nd7 15. Kh1 f5 16. Bh6 f4 17. Bxg7 Kxg7 18. Qd2 Rfe8 19. Qe1 Qg5 20. Rg1 Nf6 21. g3 Nh5 22. g4 Nf6 23. h4 Qh6 24. g5 Qh5 25. gxf6+ Kxf6 26. Qf2 h6 27. Qh2 Rh8 28. Rg2 g5 29. hxg5+ hxg5 30. Qxh5 Rxh5+ 31. Rh2 Rah8 32. Rxh5 Rxh5+ 33. Kg1 Rh3 34. Kg2 Rg3+ 35. Kf2 g4 36. fxg4 Bxg4 37. Bxg4 Rxg4 38. Rg1 Kg5 39. Rxg4+ Kxg4 40. b4 a6 41. a4 f3 42. b5 Kf4 43. bxc6 bxc6 44. a5 c5 45. Na4 Kxe4 46. Nxc5+ Kd4 47. Nxa6 Kxc4 48. Nb4 Kb5 49. a6 Kb6 50. Kxf3 Ka7 51. Ke4 Ka8 52. Kxe5 Ka7 53. Kd6 Kb6 54. Kd7 Ka7 55. Kc7 Ka8 56. Kb6 Kb8 57. Nd5 1-0